[Event "Norway Chess Open GM 2024"]
[Site "Stavanger NOR"]
[Date "2024.05.25"]
[Round "3.10"]
[White "Ostensen, Nicolai Maxime"]
[Black "Elsness, Frode"]
[Result "1/2-1/2"]
[WhiteTitle "FM"]
[BlackTitle "IM"]
[WhiteElo "2234"]
[BlackElo "2425"]
[WhiteFideId "1546970"]
[BlackFideId "1501100"]
[EventDate "2024.05.24"]

1. Nf3 Nf6 2. c4 c5 3. Nc3 Nc6 4. d4 cxd4 5. Nxd4 e6 6. Nf3 Bb4 7. Bd2 O-O 8. a3
Bxc3 9. Bxc3 Ne4 10. Qc2 Nxc3 11. Qxc3 b6 12. e3 Bb7 13. Be2 Rc8 14. b4 d5 15.
cxd5 Ne7 16. Qb2 Nxd5 17. O-O Nc3 18. Rfc1 Qf6 19. Nd4 Nxe2+ 20. Qxe2 e5 21. Nf3
Rfd8 22. Rd1 Bxf3 23. Qxf3 Qxf3 24. gxf3 Kf8 25. Rxd8+ Rxd8 26. Rc1 Ke7 27. Kf1
Kd7 28. Ke2 Rc8 29. Rxc8 Kxc8 30. Kd3 Kd7 31. b5 Ke6 32. Kc4 h5 33. e4 h4 34. h3
g6 35. a4 f5 36. Kd3 Kf6 37. Ke2 Ke6 38. Kd3 Kd6 39. Kc4 Ke6 40. Kd3 Kf6 41. Ke2
Ke7 42. exf5 gxf5 43. f4 e4 44. Ke3 Ke6 45. Kd4 Kd6 46. Kc4 Ke6 47. Kd4 1/2-1/2

[Event "Norway Chess Open GM 2024"]
[Site "Stavanger NOR"]
[Date "2024.05.25"]
[Round "3.11"]
[White "Torfoss, Sivert Schanche"]
[Black "Lovik, Lasse Ostebo"]
[Result "0-1"]
[BlackTitle "IM"]
[WhiteElo "2059"]
[BlackElo "2367"]
[WhiteFideId "1542761"]
[BlackFideId "1505033"]
[EventDate "2024.05.24"]

1. d4 Nf6 2. Nf3 g6 3. g3 c5 4. dxc5 Bg7 5. Bg2 Qa5+ 6. Nfd2 Qxc5 7. Nc3 d6 8.
Nb3 Qh5 9. Bf3 Qh3 10. Na5 O-O 11. Nxb7 Bg4 12. Na5 Nbd7 13. Bxa8 Rxa8 14. Be3
Qg2 15. Kd2 Ne4+ 16. Nxe4 Qxe4 17. f3 Qb4+ 18. c3 Qxb2+ 19. Ke1 Qxc3+ 20. Kf2
Qxa5 21. Bd4 Be6 0-1

[Event "Norway Chess Open GM 2024"]
[Site "Stavanger NOR"]
[Date "2024.05.25"]
[Round "3.12"]
[White "Skytte, Rasmus"]
[Black "Fiskaaen, Martin Holten"]
[Result "1/2-1/2"]
[WhiteTitle "IM"]
[WhiteElo "2358"]
[BlackElo "2116"]
[WhiteFideId "1404210"]
[BlackFideId "1550233"]
[EventDate "2024.05.24"]

1. e4 c5 2. Nf3 d6 3. c3 Nf6 4. Be2 g6 5. O-O Bg7 6. Bb5+ Nc6 7. d4 O-O 8. d5
Na5 9. Re1 a6 10. Bd3 b5 11. Nbd2 Qc7 12. h3 Bd7 13. Nf1 e5 14. dxe6 Bxe6 15.
Bf4 Nc6 16. Ne3 Rad8 17. a4 c4 18. Bf1 Rfe8 19. axb5 axb5 20. Nc2 Ne5 21. Nfd4
Bd7 22. Nb4 Qb7 23. g3 Nc6 24. Ndxc6 Bxc6 25. Ra7 Qc8 26. Nxc6 Qxc6 27. Bg5 Qc5
28. Be3 Qc6 29. Bg5 Qc5 1/2-1/2

[Event "Norway Chess Open GM 2024"]
[Site "Stavanger NOR"]
[Date "2024.05.25"]
[Round "3.13"]
[White "Jeyanth, R"]
[Black "Savitha, Shri B"]
[Result "1/2-1/2"]
[BlackTitle "WGM"]
[WhiteElo "1808"]
[BlackElo "2363"]
[WhiteFideId "25618750"]
[BlackFideId "35061887"]
[EventDate "2024.05.24"]

1. e4 c5 2. Nf3 Nc6 3. Nc3 e6 4. h3 a6 5. d4 cxd4 6. Nxd4 Qc7 7. a4 Nf6 8. Nxc6
bxc6 9. Bd3 d5 10. O-O d4 11. Nb1 e5 12. f4 Bd6 13. Na3 Be6 14. fxe5 Bxe5 15.
Nc4 Bxc4 16. Bxc4 O-O 17. Qf3 Rae8 18. Kh1 Qb7 19. Bd2 c5 20. Bd3 Re6 21. Rae1
Bb8 22. e5 Qxf3 23. Rxf3 Rxe5 24. Rxe5 Bxe5 25. Bxa6 Rb8 26. b3 Ne4 27. Bf4 Bxf4
28. Rxf4 Nd6 29. Bd3 Ra8 30. Rh4 g6 31. Rf4 Kg7 32. Kg1 h6 33. h4 f5 34. Rf1 Kf6
35. Ra1 Ra5 36. Re1 Ra7 37. Kf2 c4 38. bxc4 Rxa4 39. c5 Nf7 40. c6 Ra5 41. Rb1
Rc5 42. Rb6 Ne5 43. c7+ Ke7 44. Rb7 Kd6 45. Rb4 Rxc7 46. Rxd4+ Kc5 47. Ra4 Re7
48. Kg3 Nxd3 49. cxd3 Re3+ 50. Kf4 Rxd3 51. h5 Kb5 52. Ra2 gxh5 53. Re2 Kc4 54.
Kxf5 Rg3 55. Re6 Rxg2 56. Rxh6 Rh2 57. Kg5 1/2-1/2

[Event "Norway Chess Open GM 2024"]
[Site "Stavanger NOR"]
[Date "2024.05.25"]
[Round "3.14"]
[White "Saveljevs, Aleksandrs"]
[Black "Stanojevic, Ilija"]
[Result "0-1"]
[BlackTitle "CM"]
[WhiteElo "1987"]
[BlackElo "2317"]
[WhiteFideId "11601779"]
[BlackFideId "959995"]
[EventDate "2024.05.24"]

1. e4 c5 2. Nc3 Nc6 3. Bb5 Nd4 4. Nf3 e6 5. O-O a6 6. Bd3 Nc6 7. b3 g6 8. Bb2
Bg7 9. Na4 Bxb2 10. Nxb2 d6 11. Ne1 Nf6 12. f4 b5 13. c3 O-O 14. Bc2 e5 15. Qf3
Nh5 16. f5 Qg5 17. Qe3 Qxe3+ 18. dxe3 gxf5 19. Rd1 Rd8 20. exf5 Nf6 21. e4 Bb7
22. Nf3 Kf8 23. h3 h5 24. Kh2 Ke7 25. Rg1 Rg8 26. Rd2 Rad8 27. Re1 b4 28. cxb4
Nxb4 29. Bb1 Nc6 30. Nc4 Nd4 31. b4 Nd7 32. bxc5 dxc5 33. Nfxe5 Nxe5 34. Nxe5
Nxf5 35. Rb2 Nd6 36. Nd3 c4 37. Nc5 Ba8 38. Nxa6 c3 39. Rbe2 Nb5 40. Nb4 Rd4 41.
a3 Nxa3 42. Nc2 Nxc2 43. Bxc2 Rc8 44. Kg3 Ke6 45. Kh4 f5 46. Kxh5 fxe4 47. Bxe4
Bxe4 48. Rxe4+ Rxe4 49. Rxe4+ 0-1

[Event "Norway Chess Open GM 2024"]
[Site "Stavanger NOR"]
[Date "2024.05.25"]
[Round "3.15"]
[White "Papp, Sarah"]
[Black "Vasilijevic, Vili"]
[Result "1-0"]
[WhiteTitle "IM"]
[WhiteElo "2296"]
[BlackElo "1980"]
[WhiteFideId "24606812"]
[BlackFideId "14547104"]
[EventDate "2024.05.24"]

1. e4 c5 2. Nf3 d6 3. d4 cxd4 4. Nxd4 Nf6 5. Nc3 a6 6. h3 e5 7. Nb3 Be6 8. f4 b5
9. f5 Bc8 10. Bg5 Be7 11. Qf3 Bb7 12. O-O-O Nbd7 13. Bd3 Rc8 14. g4 Rxc3 15.
bxc3 Qc7 16. Bxf6 Bxf6 17. Bf1 O-O 18. h4 Rc8 19. g5 Be7 20. Rh3 f6 21. Rg3 d5
22. exd5 e4 23. Qe3 Bd6 24. Rg4 Be5 25. Rxe4 Bxc3 26. Re8+ Nf8 27. Qe6+ Kh8 28.
Rxc8 Bxc8 29. d6 Qd8 30. Qe7 1-0

[Event "Norway Chess Open GM 2024"]
[Site "Stavanger NOR"]
[Date "2024.05.25"]
[Round "3.16"]
[White "Haugen, Lars Tormod"]
[Black "Eliseev, Sergey"]
[Result "0-1"]
[WhiteElo "1961"]
[BlackElo "2292"]
[WhiteFideId "1559966"]
[BlackFideId "1534734"]
[EventDate "2024.05.24"]

1. c4 e5 2. Nc3 Bb4 3. e4 d6 4. Nge2 Nc6 5. a3 Bc5 6. b4 Bb6 7. Nd5 Nf6 8. Nxb6
axb6 9. d3 Nxb4 10. Bg5 Nc6 11. Nc3 Be6 12. Be2 O-O 13. O-O h6 14. Be3 Qd7 15.
h3 Nh7 16. Bg4 Bxg4 17. hxg4 Ra5 18. Nb5 Rfa8 19. f3 Ng5 20. Kf2 Nd4 21. Nxd4
exd4 22. Bxd4 Rxa3 23. Qc2 Ne6 24. Qb2 Qa4 25. Rxa3 Qxa3 26. Ra1 Qxb2+ 27. Bxb2
Rxa1 28. Bxa1 Nf4 29. d4 Kf8 30. g3 Nd3+ 31. Ke3 Nb4 32. Bc3 Nc6 33. Kd3 Na7 34.
c5 bxc5 35. dxc5 dxc5 36. Kc4 b6 37. Kd5 c6+ 38. Kd6 0-1

[Event "Norway Chess Open GM 2024"]
[Site "Stavanger NOR"]
[Date "2024.05.25"]
[Round "3.17"]
[White "Grotnes, Nils Ragnar"]
[Black "Dammann, Jorn"]
[Result "1-0"]
[WhiteTitle "FM"]
[WhiteElo "2149"]
[BlackElo "1953"]
[WhiteFideId "1500317"]
[BlackFideId "30937124"]
[EventDate "2024.05.24"]

1. d4 d5 2. c4 e6 3. Nc3 Be7 4. Nf3 Nf6 5. Bg5 h6 6. Bh4 O-O 7. e3 Nbd7 8. cxd5
Nxd5 9. Bxe7 Qxe7 10. Nxd5 exd5 11. Bd3 Qb4+ 12. Qd2 Qxd2+ 13. Kxd2 c5 14. dxc5
Nxc5 15. Rac1 b6 16. b4 Ne6 17. Bb5 Bb7 18. Nd4 a5 19. a3 Nxd4 20. exd4 axb4 21.
axb4 Bc8 22. Ra1 Bf5 23. Bc6 Rab8 24. Ra7 Rfd8 25. Rha1 Rd6 26. Rc7 Rc8 27.
Rxc8+ Bxc8 28. b5 1-0

[Event "Norway Chess Open GM 2024"]
[Site "Stavanger NOR"]
[Date "2024.05.25"]
[Round "3.18"]
[White "Bezo, Stefan"]
[Black "Azikri, Gur"]
[Result "0-1"]
[WhiteElo "2065"]
[BlackElo "1948"]
[WhiteFideId "14907682"]
[BlackFideId "2812738"]
[EventDate "2024.05.24"]

1. e4 c6 2. d4 d5 3. exd5 cxd5 4. c4 e6 5. Nc3 Nf6 6. Nf3 a6 7. cxd5 exd5 8. Bd3
Be7 9. h3 O-O 10. O-O Nc6 11. Re1 h6 12. Bf4 Nh5 13. Bh2 Be6 14. Rc1 Rc8 15. Bb1
Nf6 16. a3 Na5 17. Ne5 Bd6 18. Bf4 Nc4 19. Qe2 Re8 20. Rcd1 Nxa3 21. Bd3 Nc4 22.
Bc1 Bb4 23. Nxc4 dxc4 24. Bc2 Bg4 0-1

[Event "Norway Chess Open GM 2024"]
[Site "Stavanger NOR"]
[Date "2024.05.25"]
[Round "3.19"]
[White "Stevens, Christian FRA"]
[Black "Martin, Nils"]
[Result "1/2-1/2"]
[WhiteElo "1936"]
[BlackElo "2057"]
[WhiteFideId "649090"]
[BlackFideId "45160473"]
[EventDate "2024.05.24"]

1. e4 e5 2. Nf3 Nc6 3. Bc4 Bc5 4. c3 Nf6 5. d4 exd4 6. cxd4 Bb4+ 7. Bd2 Bxd2+ 8.
Nbxd2 d5 9. exd5 Nxd5 10. Qb3 Nce7 11. O-O O-O 12. Rfe1 c6 13. a4 a5 14. Ne4 Bf5
15. Ng3 Bg6 16. Ne5 Qc7 17. h4 Nf6 18. Qf3 h6 19. Nxg6 Nxg6 20. Nf5 h5 21. Re2
Kh7 22. g3 Rae8 23. Rae1 Qd7 24. Kg2 Rxe2 25. Rxe2 Rd8 26. Rd2 Re8 27. Re2 1/2-1/2

[Event "Norway Chess Open GM 2024"]
[Site "Stavanger NOR"]
[Date "2024.05.25"]
[Round "3.20"]
[White "Skytte, Robert"]
[Black "Bjerke, Richard"]
[Result "0-1"]
[BlackTitle "FM"]
[WhiteElo "1918"]
[BlackElo "2044"]
[WhiteFideId "1471775"]
[BlackFideId "1500252"]
[EventDate "2024.05.24"]

1. e4 e6 2. d4 d5 3. exd5 exd5 4. c4 Bb4+ 5. Bd2 Bxd2+ 6. Qxd2 Nf6 7. Nf3 O-O 8.
Nc3 Re8+ 9. Be2 Ne4 10. Nxe4 dxe4 11. Ne5 c6 12. Rd1 a5 13. O-O Na6 14. Qf4 Qc7
15. Bh5 g6 16. f3 e3 17. Bg4 e2 0-1

[Event "Norway Chess Open GM 2024"]
[Site "Stavanger NOR"]
[Date "2024.05.25"]
[Round "3.21"]
[White "Cornileau, Raphael"]
[Black "Myagmarsuren, Evsuld"]
[Result "0-1"]
[BlackTitle "CM"]
[WhiteElo "1784"]
[BlackElo "2016"]
[WhiteFideId "45105790"]
[BlackFideId "1551639"]
[EventDate "2024.05.24"]

1. e4 c5 2. Nf3 d6 3. d4 cxd4 4. Nxd4 Nf6 5. Nc3 a6 6. Be3 e5 7. Nb3 Be6 8. h3
Be7 9. Qf3 h5 10. O-O-O Nbd7 11. Rg1 h4 12. Nd5 Bxd5 13. exd5 Nb6 14. Kb1 Nbxd5
15. Rxd5 e4 16. Qd1 Nxd5 17. Qxd5 O-O 18. Qxe4 d5 19. Qd3 b5 20. Be2 a5 21. Bf3
a4 22. Nd4 Bf6 23. Nc6 Qc7 24. Qxd5 a3 25. Bd4 Rad8 26. Nxd8 Rxd8 27. Qc5 Qh2
28. Rd1 Bxd4 29. Qe7 Qb8 30. Bc6 b4 31. Bb5 Rd5 32. Bd3 Bf6 33. Qe4 Qe5 34. Qxb4
Rd8 35. Qxa3 Rb8 36. c3 g6 37. Kc2 Kg7 38. Qa4 Rxb2+ 39. Kc1 Qxc3+ 40. Bc2 Rb1+ 0-1

[Event "Norway Chess Open GM 2024"]
[Site "Stavanger NOR"]
[Date "2024.05.25"]
[Round "3.22"]
[White "Hestholm, Gustav"]
[Black "Elsness, Fredrik Valstad"]
[Result "1-0"]
[WhiteElo "2041"]
[BlackElo "1861"]
[WhiteFideId "1529153"]
[BlackFideId "1567829"]
[EventDate "2024.05.24"]

1. e4 c6 2. d4 d5 3. e5 c5 4. Nf3 cxd4 5. Qxd4 Nc6 6. Qf4 e6 7. Bd2 Qc7 8. Nc3
a6 9. O-O-O Nge7 10. Bd3 d4 11. Ne2 Nd5 12. Qe4 Bc5 13. Nexd4 Bxd4 14. Nxd4 Nxe5
15. Be2 O-O 16. f4 Ng6 17. Rhf1 Rd8 18. g4 b5 19. f5 exf5 20. gxf5 Nf8 21. Nb3
a5 22. Bg5 f6 23. Bxb5 Bb7 24. Bf4 Nxf4 25. Qxf4 Rxd1+ 26. Kxd1 Rd8+ 27. Kc1 Qb6
28. Bc4+ Kh8 29. Rd1 Rxd1+ 30. Kxd1 a4 31. Nd4 Qxb2 32. Qd6 Nd7 33. Qxd7 g5 34.
Qe8+ Kg7 35. Ne6+ Kh6 36. Qf8+ Kh5 37. Be2+ g4 38. Qf7+ 1-0

[Event "Norway Chess Open GM 2024"]
[Site "Stavanger NOR"]
[Date "2024.05.25"]
[Round "3.23"]
[White "Klings, Peter"]
[Black "Mihaila, Radu Stefan"]
[Result "1-0"]
[WhiteElo "1992"]
[BlackElo "1835"]
[WhiteFideId "4631234"]
[BlackFideId "2852638"]
[EventDate "2024.05.24"]

1. e4 c5 2. Nf3 Nc6 3. Bb5 Nd4 4. Nxd4 cxd4 5. O-O a6 6. Be2 e5 7. c3 Bc5 8. d3
Ne7 9. b4 Ba7 10. c4 O-O 11. Nd2 d6 12. f4 f5 13. Kh1 fxe4 14. dxe4 Ng6 15. f5
Nf4 16. Nf3 Nxe2 17. Qxe2 Bd7 18. a4 Qe8 19. b5 Bc5 20. Bd2 axb5 21. axb5 Rxa1
22. Rxa1 d5 23. Re1 dxe4 24. Qxe4 Bxf5 25. Qd5+ Qf7 26. Qxc5 Bg4 27. Qd5 Be6 28.
Qxe5 Bxc4 29. Bb4 Rd8 30. Nxd4 Qf2 31. Nf5 1-0

[Event "Norway Chess Open GM 2024"]
[Site "Stavanger NOR"]
[Date "2024.05.25"]
[Round "3.24"]
[White "Flatebo, Hallvard Haug"]
[Black "Mesar, Antun"]
[Result "1-0"]
[WhiteElo "1951"]
[BlackElo "1890"]
[WhiteFideId "1530720"]
[BlackFideId "14532620"]
[EventDate "2024.05.24"]

1. d4 Nf6 2. c4 b6 3. Nf3 Bb7 4. g3 g6 5. Nc3 Bg7 6. Bg2 d6 7. O-O Nbd7 8. Qc2
O-O 9. e4 e5 10. dxe5 Nxe5 11. Nxe5 dxe5 12. h3 Qe7 13. Be3 Rfd8 14. Rac1 Rac8
15. c5 Bc6 16. b4 b5 17. a4 a6 18. axb5 Bxb5 19. Nxb5 axb5 20. Ra1 Ra8 21. Rfd1
Ne8 22. Qb3 c6 23. h4 Nc7 24. Bh3 Rxd1+ 25. Rxd1 Rd8 26. Ra1 Ne6 27. Ra6 Nd4 28.
Qa2 Nf3+ 29. Kf1 Qf6 30. Ra8 h6 31. Qa5 Rxa8 32. Qxa8+ Kh7 33. Bd7 Nd4 34. Bxd4
exd4 35. Qxc6 Qf3 36. e5 Qxc6 37. Bxc6 Bxe5 38. Bxb5 Kg7 39. Ke2 Kf6 40. Kd3 Ke6
41. Bc4+ Ke7 42. Ke4 f6 43. Kd5 Kd7 44. Bd3 g5 45. h5 Bb8 46. Bf5+ Kc7 47. b5
Kb7 48. Kxd4 Be5+ 49. Kd5 Kc7 50. Be4 Bc3 51. b6+ Kb8 52. c6 Be5 53. c7+ 1-0

[Event "Norway Chess Open GM 2024"]
[Site "Stavanger NOR"]
[Date "2024.05.25"]
[Round "3.25"]
[White "Derlich, Sarah Sima"]
[Black "Oz, Sinan"]
[Result "1-0"]
[WhiteElo "1945"]
[BlackElo "1794"]
[WhiteFideId "1469290"]
[BlackFideId "1471090"]
[EventDate "2024.05.24"]

1. e4 c5 2. Nf3 g6 3. c3 d5 4. exd5 Qxd5 5. d4 Bg7 6. Na3 cxd4 7. Nb5 Na6 8.
Nbxd4 Nc7 9. Be3 Nf6 10. Bd3 O-O 11. Bc2 Bg4 12. h3 Bxf3 13. Nxf3 Rad8 14. O-O
Qh5 15. Qe2 b6 16. Rad1 Ncd5 17. Bg5 h6 18. Bh4 Nf4 19. Qxe7 Rxd1 20. Rxd1 g5
21. Bg3 Nxh3+ 22. gxh3 Qxf3 23. Rd8 Nd5 24. Qd7 Nf4 25. Bxf4 Qxf4 26. Bb3 Be5
27. Rxf8+ Kxf8 28. Kf1 Bd6 29. Bxf7 Qxf7 30. Qxd6+ Kg7 31. a3 Qf3 32. Qe5+ Kh7
33. Qe3 Qd1+ 34. Kg2 Qd5+ 35. Qf3 Qb3 36. Qe4+ Kg7 37. Qd4+ Kh7 38. c4 Qc2 39.
b4 Qb3 40. Qe4+ Kg7 41. Qb7+ Kg6 42. Qxa7 Qxc4 43. Qxb6+ Kh5 44. Qe3 Qa6 45.
Qe8+ Kh4 46. b5 Qa4 47. Qf8 h5 48. Qb4+ 1-0

[Event "Norway Chess Open GM 2024"]
[Site "Stavanger NOR"]
[Date "2024.05.25"]
[Round "3.26"]
[White "Lien, Sebastian"]
[Black "Simonsen, David Mindestrommen"]
[Result "0-1"]
[WhiteElo "1861"]
[BlackElo "1942"]
[WhiteFideId "1567888"]
[BlackFideId "1565672"]
[EventDate "2024.05.24"]

1. d4 Nf6 2. c4 g6 3. Nc3 d5 4. Nf3 Bg7 5. Qb3 dxc4 6. Qxc4 O-O 7. e4 a6 8. Bf4
b5 9. Qxc7 Nbd7 10. Qxd8 Rxd8 11. e5 Nh5 12. Be3 Nb6 13. Bd3 Bf8 14. Ke2 b4 15.
Ne4 Nd5 16. Bc4 Nhf4+ 17. Kf1 Be6 18. Bxd5 Bxd5 19. Bxf4 Bxe4 20. Be3 Rac8 21.
Ne1 f6 22. exf6 exf6 23. Ke2 f5 24. Rd1 Bg7 25. Rd2 Rc1 26. Rg1 Re8 27. Rd1 Rc4
28. b3 Rc3 29. g3 g5 30. Kd2 Rec8 31. f3 Bd5 32. Nd3 Rc2+ 33. Ke1 Re8 34. Ne5
Bxe5 35. dxe5 Rxe5 36. Rd3 Bxf3 37. h4 Re2+ 38. Kf1 R5xe3 39. Rd8+ Kf7 40. hxg5
Bg4 0-1

[Event "Norway Chess Open GM 2024"]
[Site "Stavanger NOR"]
[Date "2024.05.25"]
[Round "3.27"]
[White "Omtvedt, Aleksander"]
[Black "Louis, Luca Hojin"]
[Result "1-0"]
[WhiteElo "1935"]
[BlackElo "1758"]
[WhiteFideId "1511076"]
[BlackFideId "343405541"]
[EventDate "2024.05.24"]

1. d4 d5 2. Nf3 Nf6 3. g3 e6 4. Bg2 c5 5. O-O Nc6 6. c4 cxd4 7. Nxd4 Bc5 8. Nb3
Be7 9. cxd5 Nxd5 10. Bd2 O-O 11. Nc3 Bf6 12. Rc1 Nce7 13. Qc2 Bd7 14. Ne4 Ng6
15. Nxf6+ Qxf6 16. Rfd1 Rac8 17. Qb1 Bc6 18. Na5 Ne5 19. e4 Nb6 20. Nxc6 Nxc6
21. Be3 Rfd8 22. b3 Nd7 23. h3 Nde5 24. f4 Ng6 25. e5 Qe7 26. Rxd8+ Qxd8 27. Be4
a6 28. Qd3 Qxd3 29. Bxd3 Rd8 30. Bxa6 Ncxe5 31. Bxb7 Rd3 32. Kf2 Nd7 33. Ke2 Rd6
34. Rc8+ Ngf8 35. a4 Nb6 36. Rc6 Rxc6 37. Bxc6 Nfd7 38. a5 1-0

[Event "Norway Chess Open GM 2024"]
[Site "Stavanger NOR"]
[Date "2024.05.25"]
[Round "3.28"]
[White "Damiano, Sophie"]
[Black "Bech, Havard Eriksen"]
[Result "0-1"]
[WhiteElo "1723"]
[BlackElo "1898"]
[WhiteFideId "1566334"]
[BlackFideId "1564684"]
[EventDate "2024.05.24"]

1. e4 c6 2. d4 d5 3. Nd2 dxe4 4. Nxe4 Nf6 5. Nxf6+ exf6 6. Be3 Bd6 7. Bd3 O-O 8.
Ne2 Re8 9. O-O Bg4 10. Qd2 Bh5 11. Nf4 Bg6 12. Nxg6 hxg6 13. c4 Nd7 14. Bc2 f5
15. Bf4 Nf6 16. f3 Bb4 17. Qxb4 Qxd4+ 18. Kh1 Qxf4 19. Qxb7 Rab8 20. Qxa7 Rxb2
21. Rac1 Re2 22. Qa4 Qd2 23. Rfd1 Rxc2 24. Qxc2 Qxc2 25. Rxc2 Rxc2 26. Ra1 Rxc4
27. a4 Nd7 28. a5 Nc5 29. Kg1 Na6 30. h3 c5 31. Kf1 Rb4 32. Ke2 Rb2+ 33. Kf1 c4
34. Rc1 Ra2 35. Rxc4 Rxa5 36. g4 fxg4 37. hxg4 Nc5 38. f4 f5 39. g5 Kf7 40. Ke2
Ke6 41. Rd4 Ra4 42. Ke3 Rxd4 43. Kxd4 Kd6 44. Ke3 Kd5 45. Kf3 Kd4 46. Kg3 Ke3
47. Kh3 Kxf4 48. Kh4 Ne6 49. Kh3 Nxg5+ 50. Kh4 Ne4 51. Kh3 Kf3 52. Kh4 g5+ 0-1

[Event "Norway Chess Open GM 2024"]
[Site "Stavanger NOR"]
[Date "2024.05.25"]
[Round "3.29"]
[White "Mesar, Darko"]
[Black "Gasland, Lukas Dominik"]
[Result "0-1"]
[WhiteElo "1894"]
[BlackElo "2063"]
[WhiteFideId "14531038"]
[BlackFideId "1557882"]
[EventDate "2024.05.24"]

1. e4 c5 2. Nf3 Nc6 3. d4 cxd4 4. Nxd4 e5 5. Nb5 d6 6. N1c3 a6 7. Na3 b5 8. Nd5
Nf6 9. Bg5 Be7 10. Nxe7 Qxe7 11. f3 Be6 12. Qd2 O-O 13. c3 Rfd8 14. Be2 d5 15.
exd5 Rxd5 16. Qe3 Rad8 17. O-O h6 18. Bxf6 Qxf6 19. Rfd1 Rxd1+ 20. Rxd1 Bxa2 21.
Ra1 Bb3 22. Nb1 Ne7 23. Nd2 Nf5 24. Qa7 Rxd2 25. Rxa6 Qg5 26. Qb8+ Kh7 27. Qxe5
Ng3 28. Qxg3 Qxg3 29. hxg3 Rxe2 30. Rb6 Re5 31. Rd6 Rd5 0-1

[Event "Norway Chess Open GM 2024"]
[Site "Stavanger NOR"]
[Date "2024.05.25"]
[Round "3.30"]
[White "Cornileau, Juliette"]
[Black "Meyer, Stefan"]
[Result "1-0"]
[WhiteTitle "WFM"]
[WhiteElo "1986"]
[BlackElo "1866"]
[WhiteFideId "36083372"]
[BlackFideId "12948217"]
[EventDate "2024.05.24"]

1. e4 Nf6 2. e5 Nd5 3. c4 Nb6 4. d4 d6 5. exd6 exd6 6. Nf3 Be7 7. Bd3 Nc6 8. a3
O-O 9. h3 Bf6 10. O-O Ne7 11. Nc3 d5 12. c5 Nd7 13. Bf4 c6 14. Bd6 Re8 15. Re1
Nf8 16. Qc2 Be6 17. Ne2 g6 18. Nf4 Nf5 19. Nxe6 fxe6 20. Be5 Nd7 21. Bxf6 Qxf6
22. Qc3 Re7 23. Ne5 Rf8 24. Nxd7 Rxd7 25. Bxf5 exf5 26. Re5 Rff7 27. Rae1 Rfe7
28. Qa5 Rxe5 29. dxe5 Qe6 30. Qxa7 d4 31. Qa5 Kf7 32. Qb4 d3 33. Qd2 Rd5 34. Re3
Rxe5 35. Qxd3 Rxe3 36. fxe3 Ke7 37. Qc3 Kf7 38. Qd4 Qf6 39. Qd7+ Qe7 40. Qd4 Qf6
41. Qb4 Qe7 42. Kf2 Qd7 43. a4 Ke7 44. Qc3 Ke6 45. b4 Qd5 46. a5 Qa2+ 47. Kg3
Qd5 48. Kf2 Qa2+ 49. Kf1 Qb1+ 50. Ke2 Qe4 51. Kf2 Qb1 52. Qc4+ Ke7 53. Qd4 Qc2+
54. Kf3 Kf7 55. Qd7+ Kf6 56. Qd4+ Kf7 57. Kg3 Qe2 58. Kh2 Qe1 59. Qd7+ Kg8 60.
Qc8+ Kg7 61. Qxb7+ Kh6 62. Qe7 Qxb4 63. a6 Qa4 64. a7 f4 65. Qf8+ 1-0

[Event "Norway Chess Open GM 2024"]
[Site "Stavanger NOR"]
[Date "2024.05.25"]
[Round "3.31"]
[White "Lilliehook, Victor"]
[Black "Bekmukhanov, Sauran"]
[Result "1-0"]
[WhiteElo "1928"]
[BlackElo "1844"]
[WhiteFideId "1752103"]
[BlackFideId "1472844"]
[EventDate "2024.05.24"]

1. e4 e5 2. Nf3 Nc6 3. Bc4 Bc5 4. d3 Nf6 5. a4 a5 6. O-O d6 7. c3 Bg4 8. Nbd2
O-O 9. Re1 d5 10. exd5 Nxd5 11. h3 Bh5 12. Ne4 Bb6 13. Ng3 Bg6 14. Bg5 Qd6 15.
Qb3 Nf6 16. Rad1 h6 17. Ne4 Nxe4 18. dxe4 Qc5 19. Be3 Qe7 20. Bxb6 cxb6 21. Qxb6
Rfd8 22. Bd5 Rd6 23. Qc5 Re8 24. Qxd6 Qxd6 25. Bxf7+ Bxf7 26. Rxd6 Bb3 27. Rd7
Rb8 28. Nd2 Bxa4 29. Rd5 Ne7 30. Rxe5 Ng6 31. Rxa5 Bc6 32. g3 Rd8 33. Nb3 b6 34.
Ra6 Ne5 35. Kg2 Nd3 36. Re3 Rf8 37. Rxb6 Rxf2+ 38. Kg1 Bxe4 39. Rxe4 Rxb2 40.
Rb7 Nf2 41. Re8+ Kh7 42. h4 Nh3+ 43. Kf1 Kg6 44. Re6+ Kh5 45. Rb5+ Kg4 46. Rg6+
Ng5 47. hxg5 h5 48. Nd4 Ra2 49. Ne2 Kh3 50. Rb4 h4 51. Rxh4# 1-0

[Event "Norway Chess Open GM 2024"]
[Site "Stavanger NOR"]
[Date "2024.05.25"]
[Round "3.32"]
[White "McCartney, Steven"]
[Black "Hetland, Even"]
[Result "1-0"]
[WhiteElo "1802"]
[BlackElo "1903"]
[WhiteFideId "2642212"]
[BlackFideId "1555995"]
[EventDate "2024.05.24"]

1. b3 e5 2. Bb2 Nc6 3. e3 Nf6 4. Bb5 d6 5. Bxc6+ bxc6 6. Ne2 Be7 7. O-O O-O 8.
f4 exf4 9. Nxf4 Bg4 10. Qe1 Nh5 11. Nxh5 Bxh5 12. Qg3 Bg6 13. d3 Bh4 14. Qf3 Qe7
15. Nd2 d5 16. Kh1 Rfe8 17. g3 Bg5 18. Rfe1 h5 19. Re2 Rad8 20. Rae1 Qc5 21. Qf2
h4 22. Nf3 hxg3 23. Qxg3 Bh6 24. Ne5 Rd6 25. Ng4 Rde6 26. Nxh6+ gxh6 27. Qf4 Qb6
28. Rg1 Kh7 29. Rxg6 1-0

[Event "Norway Chess Open GM 2024"]
[Site "Stavanger NOR"]
[Date "2024.05.26"]
[Round "4.1"]
[White "Mitrabha, Guha"]
[Black "Amar, Elham"]
[Result "1-0"]
[WhiteTitle "GM"]
[BlackTitle "GM"]
[WhiteElo "2540"]
[BlackElo "2552"]
[WhiteFideId "5057000"]
[BlackFideId "1533533"]
[EventDate "2024.05.24"]

1. d4 Nf6 2. c4 e6 3. Nc3 d5 4. cxd5 exd5 5. Bg5 c6 6. e3 h6 7. Bh4 Be7 8. Bd3
O-O 9. Nf3 Ne4 10. Bxe7 Qxe7 11. Qc2 Re8 12. O-O Nd7 13. b4 Ndf6 14. b5 cxb5 15.
Bxb5 Bd7 16. Bxd7 Qxd7 17. Nxe4 Nxe4 18. Ne5 Qe6 19. Qb2 b6 20. a4 Nd6 21. Qe2
Rac8 22. h3 Nc4 23. Nd3 Qe4 24. Ra2 Na5 25. Nf4 Rc4 26. Qb2 Nc6 27. Rc1 Rc8 28.
Rxc4 dxc4 29. Ne2 Qe7 30. Nc3 Nb4 31. Ra1 a5 32. Rb1 Qd7 33. Qe2 Rc6 34. Qg4 f5
35. Qf3 Rd6 36. Rc1 Nd3 37. Rd1 f4 38. Rf1 Re6 39. Nb5 Nb2 40. Rb1 c3 41. Nxc3
Nxa4 42. Nb5 fxe3 43. fxe3 Rc6 44. e4 Qf7 45. d5 Qxf3 46. gxf3 Rc2 47. e5 Re2
48. e6 Kf8 49. Rd1 Nc5 50. Nc7 Ke7 51. Kf1 Re5 52. d6+ Kd8 53. e7+ Kd7 54. Re1 1-0